Stellar atmospheres-theory and observations (Record no. 12923)

MARC details
000 -LEADER
fixed length control field 00951nam a2200229Ia 4500
003 - CONTROL NUMBER IDENTIFIER
control field IN-BaIIA
008 - FIXED-LENGTH DATA ELEMENTS--GENERAL INFORMATION
fixed length control field 211028s9999 xx 000 0 eng d
020 ## - INTERNATIONAL STANDARD BOOK NUMBER
International Standard Book Number 3-540-63477-0
040 ## - CATALOGING SOURCE
Transcribing agency IIA Library
080 ## - UNIVERSAL DECIMAL CLASSIFICATION NUMBER
Universal Decimal Classification number 524.3-852(082.2)
Item number STE
111 ## - MAIN ENTRY--MEETING NAME
Meeting name or jurisdiction name as entry element Lectures Stellar Atmospheres-Theory and Observations
Location of meeting Belgium
Date of meeting or treaty signing 1996 Sept. 10-19
9 (RLIN) 22681
245 #0 - TITLE STATEMENT
Title Stellar atmospheres-theory and observations
Remainder of title Lectures held at the Astrophysics School IX, Brussels, Belgium, 10-19 September 1996
Statement of responsibility, etc. edited by J. P. De Greve, R. Blomme and H. Hensberge
260 ## - PUBLICATION, DISTRIBUTION, ETC.
Place of publication, distribution, etc. Berlin
Name of publisher, distributor, etc. Springer-Verlag
Date of publication, distribution, etc. 1997
300 ## - PHYSICAL DESCRIPTION
Extent xi, 352p.
490 ## - SERIES STATEMENT
Series statement Lecture notes in physics; v. 497
650 ## - SUBJECT ADDED ENTRY--TOPICAL TERM
Topical term or geographic name entry element Stellar atmospheres
9 (RLIN) 1135
700 ## - ADDED ENTRY--PERSONAL NAME
Personal name Blomme, R., ed.
9 (RLIN) 20698
700 ## - ADDED ENTRY--PERSONAL NAME
Personal name De Greve, J. P., ed.
9 (RLIN) 22682
700 ## - ADDED ENTRY--PERSONAL NAME
Personal name Hensberge, H., ed.
9 (RLIN) 22683
710 ## - ADDED ENTRY--CORPORATE NAME
Corporate name or jurisdiction name as entry element European Astrophysics Doctoral Network (EADN)
9 (RLIN) 22684
942 ## - ADDED ENTRY ELEMENTS (KOHA)
Koha item type Books
Holdings
Withdrawn status Lost status Damaged status Not for loan Home library Current library Shelving location Date acquired Source of acquisition Cost, normal purchase price Total Checkouts Full call number Barcode Date last seen Cost, replacement price Price effective from Koha item type Purchase Price
        IIA Library-Bangalore IIA Library-Bangalore General Stacks 04/03/1999 SVS 3027.60   524.3-852(082.2)/ STE 13840 05/11/2021 3027.60 04/03/1999 Books Rs. 3027.60

Powered by Koha